Science, economic growth and government policy.

محفوظ في:
التفاصيل البيبلوغرافية
مؤلف مشترك: Organization for Economic Cooperation and Development (OECD)
التنسيق: كتاب
اللغة:الإنجليزية
الموضوعات:
الوسوم: إضافة وسم
لا توجد وسوم, كن أول من يضع وسما على هذه التسجيلة!

MARC

LEADER 00000cam^a2200000uu^4500
001 000475894
005 20250521000000.0
008 050901s1963^^^^^^^^^^^^rd^r^^000^0^eng^d
009 20260310124812.902
035 |a FCE 000018761 
035 |a FCE 022739 
037 |a Acervo ITESO - Biblioteca 
041 |a eng 
082 0 4 |a 379.273  |b OECDs 
110 |a Organization for Economic Cooperation and Development (OECD) 
245 1 0 |a Science, economic growth and government policy. 
264 |a París :  |b OECD,  |c 1963. 
300 |a 97 p. 
336 |a texto  |b txt  |2 rdacontenido 
337 |a sin mediación  |b n  |2 rdamedio 
338 |a volumen  |b nc  |2 rdasoporte 
649 |a XX 
650 |a Economía de la educación 
650 |a Investigación científica 
650 |a Economía 
650 |a Política 
650 |a Desarrollo económico 
650 |a Gobierno 
650 |a Problemas educativos 
650 |a Estados Unidos 
910 |a Fondo Centro de Estudios Educativos 
920 |a Impresos - Libros 
930 |a Fondos Especiales 
905 |a 133 
901 |a ALE022739  |b IT2  |c CEE  |u 20250521 
902 |a https://opac.biblio.iteso.mx/vufind/Record/000475894